Ilmailu aakkoset - Statistics

Yleistilastot
  • Tätä visaa on pelattu 18 kertaa
  • Keskiarvotulos 10 / 26
Vastaustilastot
Hint Vastaus % Oikein
A Alpha
100%
D Delta
83%
B Bravo
67%
C Charlie
50%
E Echo
50%
F Foxtrot
50%
L Lima
50%
Q Quebec
42%
T Tango
42%
H Hotel
33%
I India
33%
K Kilo
33%
W Whisky
33%
X X-ray
33%
G Golf
25%
J Juliet
25%
O Oscar
25%
P Papa
25%
S Sierra
25%
U Uniform
25%
Z Zulu
25%
M Mike
17%
N November
17%
R Romeo
17%
V Victor
17%
Y Yankee
17%
Ehtoja vastaavia visoja ei löytynyt
Tulosjakauma
Jokaisen tuloksen saaneiden osuus
Persentiili vastausten määrän mukaan
Tuloshistoriasi
Et ole pelannut tätä visaa